| 000 | 00578nam a22002057a 4500 | ||
|---|---|---|---|
| 003 | koha_MIRAKIL | ||
| 005 | 20250415120825.0 | ||
| 008 | 250415b tur||||| |||| 00| 0 tur d | ||
| 020 | _a9786257373036 | ||
| 040 |
_aTR-IsEVY _btur _cTR-IsEVY |
||
| 041 | _atur | ||
| 082 | _aFIC MAT/B | ||
| 100 | _aMattioli, Rodrigo | ||
| 245 | 0 |
_aBir kutu / _cRodrigo Mattioli. |
|
| 250 | _a4. bs. | ||
| 260 |
_aİstanbul : _bAbm Yayınevi, _c2025. |
||
| 300 |
_a[34] s. : _brenkli resimli ; _c22X24 cm. |
||
| 650 |
_aÇocuk edebiyatı -- Hikayeler. _vResimli Kitaplar. |
||
| 942 |
_2ddc _cBK |
||
| 999 |
_c21782 _d21782 |
||